| 000 | 00784nam a2200265Ia 4500 | ||
|---|---|---|---|
| 003 | OSt | ||
| 005 | 20220918172003.0 | ||
| 006 | a|||||r|||| 00| 0 | ||
| 007 | ta | ||
| 008 | 220917b |||||||| |||| 00| 0 eng d | ||
| 020 |
_a9788198761758 (hbk) _c995 |
||
| 024 | _a236,885 | ||
| 037 |
_b282, 20/12/2008, N. R. Book Distributors _cTextual |
||
| 040 |
_aARTS _cARTS _beng |
||
| 041 |
_2eng _aeng |
||
| 082 | _aY:1.236, P8 | ||
| 100 |
_aArher R. S. _939705 |
||
| 245 | 0 | _aGlimpses of Punjab | |
| 260 |
_aJaipur _bABD Publishers India _c2008 |
||
| 300 |
_a352p. _ccm. |
||
| 650 | _aSOCIOLOGY | ||
| 700 |
_a Latika Singh _939706 |
||
| 942 |
_hY:1.236, P8 _cTEXL _2CC |
||
| 999 |
_c142165 _d142165 |
||